000 00534nam a2200205Ia 4500
003 OSt
005 20221117114323.0
008 210210b2008 xxu||||| |||| 00| 0 eng d
020 _a8128004352
040 _aAL
_c
041 _aKannada
082 _aK894.4 SUDM
100 _aSUDHA MURTYಸುಧಾ ಮೂರ್ತಿ
_922347
245 _aManada matu
_b ಮನದ ಮಾತು
260 _aBengaluru
_bSapna Book House
_c2008
300 _a155
690 _aKannada Prose
_922350
906 _a063158
942 _2ddc
_cBK
999 _c134888
_d134888